000 00231nam a2200097Ia 4500
005 20251222114413.0
008 251222s1900||||xx |||||||||||||| ||spa||
082 _aDVD0070/H29/2011/Ej.2
245 4 _aThe artist:El artista
942 _cDVD
999 _c2118
_d2118